| Поле | Инд. | ПП | Название | Значение |
|---|---|---|---|---|
| Тип записи | a | |||
| Библиографический уровень | b | |||
| 001 | Контрольный номер | RU/IS/BASE/269359969 | ||
| 005 | Дата корректировки | 20201113161806.1 | ||
| 008 | Кодируемые данные | 20080714 | ||
| 040 | b | Код языка каталог. | rus | |
| e | Правила каталог. | PSBO | ||
| 041 | 0_ | a | Код языка текста | rus |
| 084 | a | Индекс другой классификации/Индекс ББК | 85.113(2)5; 85.101.3(2) | |
| 100 | 1_ | a | Автор | Красилин М. |
| q | Полное имя | Красилин Михаил | ||
| 245 | 10 | a | Заглавие | Знаменская церковь в Дубровицах |
| c | Ответственность | фотографии В. Некрасова | ||
| 520 | 0_ | a | Аннотация | О превратностях судьбы неизученного памятника архитектуры XVIII в. в подмосковном имении Голицыных |
| 600 | 14 | a | Персоналии | Голицыны (князья) |
| a | Персоналии | Голицын Борис Алексеевич | ||
| 650 | 04 | a | Основная рубрика | архитектура |
| a | Основная рубрика | изобразительное искусство | ||
| a | Основная рубрика | искусство; история архитектуры | ||
| 653 | 0_ | a | Ключевые слова | XVIII век |
| a | Ключевые слова | XX век | ||
| a | Ключевые слова | Дубровицы | ||
| a | Ключевые слова | Знаменская церковь | ||
| a | Ключевые слова | история архитектуры | ||
| a | Ключевые слова | Московская область | ||
| a | Ключевые слова | охрана памятников | ||
| a | Ключевые слова | реставрация | ||
| a | Ключевые слова | Россия | ||
| a | Ключевые слова | скульптура | ||
| a | Ключевые слова | усадьбы | ||
| a | Ключевые слова | храмы | ||
| a | Ключевые слова | церкви | ||
| a | Ключевые слова | церковная архитектура | ||
| 700 | 1_ | a | Автор | Некрасов В. |
| e | Роль лиц | фотограф | ||
| q | Полное имя | Некрасов Вадим | ||
| 773 | 08 | t | Заглавие источника | Наше наследие |
| d | Дата издания источника | 1991 | ||
| g | Прочая информация | № 5(23). - С. 140 - 145 : ил. | ||
| w | Контрольный № источника | RU/IS/BASE/179596151 | ||
| 901 | t | Тип документа | b |